| 000 | 00965cam a22002055a 4500 | ||
|---|---|---|---|
| 001 | L141167 | ||
| 008 | 071031s1867 xxk eng u | ||
| 035 | _a(Sirsi) u141167 | ||
| 041 | 0 | _aeng | |
| 100 | 1 | _aBooth, Abraham | |
| 245 | 0 | 0 |
_a172 & 174 Camden Road Villas _bthe particulars and conditions of sale of a pair of semi-detached villa residences with good gardens and coach house and stable, situate and being nos. 172 & 174 Camden Road, corner of Camden Square...which will be sold by auction by Mr Abraham Booth at the New Auction Mart, Tokenhouse Yard on Wednesday March 20th 1867... |
| 260 |
_aS.l. _bs.n. _c[1867] |
||
| 300 |
_a2 leaves _c42 x 27 cm., folded to 27 x 21 cm. |
||
| 340 | _aPrinted | ||
| 351 | _cSingle item | ||
| 500 | _aItem is annotated in ink 'Proof for correction and approval of Mr Browns solrs.'. | ||
| 651 | 4 | _aLondon | |
| 690 | _aPROPERTY-PROPERTY ACQUISITION AND DISPOSAL-ACQUISITION AND DISPOSAL AT AUCTION | ||
| 942 | _n0 | ||
| 999 |
_c116638 _d116638 |
||